Secrets of the Samurai : A survey of the martial arts of feudal Japan
Secrets of the Samurai is definitive study of the martial arts of feudal Japan, illustrating in detail the weapons, techniques, strategies, and principles of combat that made the Japanese warrior a terrible foe. It is the only book of its kind in a Western language.
Αποθηκεύτηκε σε:
| Κύριος συγγραφέας: | |
|---|---|
| Μορφή: | Βιβλίο |
| Γλώσσα: | Undetermined |
| Έκδοση: |
Tokyo
Charles E. Tuttle company, Inc.
1973
|
| Θέματα: | |
| Ετικέτες: |
Προσθήκη ετικέτας
Δεν υπάρχουν, Καταχωρήστε ετικέτα πρώτοι!
|
| Thư viện lưu trữ: | Trung tâm Học liệu Trường Đại học Cần Thơ |
|---|
| LEADER | 00872nam a2200217Ia 4500 | ||
|---|---|---|---|
| 001 | CTU_112073 | ||
| 008 | 210402s9999 xx 000 0 und d | ||
| 020 | |c 34.95 | ||
| 082 | |a 355.1 | ||
| 082 | |b R237 | ||
| 100 | |a Ratti, Oscar | ||
| 245 | 0 | |a Secrets of the Samurai : | |
| 245 | 2 | |b A survey of the martial arts of feudal Japan | |
| 245 | 0 | |c Oscar Ratti, Adele Westbrook | |
| 260 | |a Tokyo | ||
| 260 | |b Charles E. Tuttle company, Inc. | ||
| 260 | |c 1973 | ||
| 520 | |a Secrets of the Samurai is definitive study of the martial arts of feudal Japan, illustrating in detail the weapons, techniques, strategies, and principles of combat that made the Japanese warrior a terrible foe. It is the only book of its kind in a Western language. | ||
| 650 | |a Military art and science,Samurai | ||
| 904 | |i M.Loan | ||
| 980 | |a Trung tâm Học liệu Trường Đại học Cần Thơ | ||